000 01531nam a2200361 a 4500
001 ebr10722540
003 CaPaEBR
006 m o u
007 cr cn|||||||||
008 150303s2013 njua s 001 0 eng d
020 _z9781118383049
020 _z9781118734278 (e-book)
040 _aCaPaEBR
_cCaPaEBR
035 _a(OCoLC)867190698
050 1 4 _aRA971
_b.B87 2013eb
082 0 4 _a362.1068
_223
100 1 _aBurke, Jason,
_d1969-
245 1 0 _aHealth analytics
_h[electronic resource] :
_bgaining the insights to transform health care /
_cJason Burke.
260 _aHoboken, N.J. :
_bWiley,
_cc2013.
300 _a1 online resource (xx, 252 p.) :
_bill.
490 1 _aWiley & SAS Business Series
500 _aIncludes index.
533 _aElectronic reproduction.
_bPalo Alto, Calif. :
_cebrary,
_d2015.
_nAvailable via World Wide Web.
_nAccess may be limited to ebrary affiliated libraries.
588 _aDescription based on online resource; title from title page (ebrary, viewed July 4, 2013).
650 0 _aHealth services administration
_xDecision making
_xMathematical models.
650 0 _aHealth facilities
_xBusiness management.
650 0 _aMedical care
_xInformation technology
_xManagement.
650 0 _aMedical informatics
_xManagement.
655 7 _aElectronic books.
_2local
710 2 _aebrary, Inc.
830 0 _aWiley and SAS business series.
856 4 0 _uhttp://site.ebrary.com/lib/rucke/Doc?id=10722540
_zAn electronic book accessible through the World Wide Web; click to view
999 _c153620
_d153620